Welcome to CU Library Online Public Access Catalogue (OPAC)

Functions modelling change/ (Record no. 1285)

MARC details
000 -LEADER
fixed length control field 00597nam a22001937a 4500
005 - DATE AND TIME OF LATEST TRANSACTION
control field 20241118145541.0
008 - FIXED-LENGTH DATA ELEMENTS--GENERAL INFORMATION
fixed length control field 241118b |||||||| |||| 00| 0 eng d
020 ## - INTERNATIONAL STANDARD BOOK NUMBER
International Standard Book Number 0471456535
050 ## - LIBRARY OF CONGRESS CALL NUMBER
Classification number QA331.3
Item number .F86
100 ## - MAIN ENTRY--PERSONAL NAME
Personal name Connally, Eric
245 ## - TITLE STATEMENT
Title Functions modelling change/
Remainder of title a preparation for calculus
Statement of responsibility, etc. Connally Eric, Et al
250 ## - EDITION STATEMENT
Edition statement 2nd Ed.
260 ## - PUBLICATION, DISTRIBUTION, ETC.
Place of publication, distribution, etc. Hoboken, New Jersey
Name of publisher, distributor, etc. John Wiley & Sons
Date of publication, distribution, etc. 2004
300 ## - PHYSICAL DESCRIPTION
Extent xiv.571p.
Other physical details ill. some color
Dimensions 26.5cm
650 ## - SUBJECT ADDED ENTRY--TOPICAL TERM
Source of heading or term Calculus
700 ## - ADDED ENTRY--PERSONAL NAME
Personal name Hughes-Hallett, Deborah
700 ## - ADDED ENTRY--PERSONAL NAME
Personal name Gleason, Andrew M., et al.
942 ## - ADDED ENTRY ELEMENTS (KOHA)
Source of classification or shelving scheme Library of Congress Classification
Koha item type Books
Edition 2nd Ed.
Suppress in OPAC No
999 ## -
-- 1285
-- 1285
Holdings
Withdrawn status Lost status Source of classification or shelving scheme Damaged status Not for loan Collection Home library Current library Shelving location Date acquired Total checkouts Full call number Barcode Date last seen Copy number Price effective from Koha item type
    Library of Congress Classification     Non-fiction Science Library (Miotso) Science Library (Miotso) General stacks 11/18/2024   QA331.3 .F86 CON SLM00000637 11/18/2024 1 11/18/2024 Books
© 2023-2024 Copyright: Central University Libraries. All Rights Reserved | Created by: Mahone Tech Office